000 nam a22 7a 4500
999 _c47970
_d47970
003 OSt
005 20190624153740.0
008 190624b xxu||||| |||| 00| 0 eng d
040 _cSEROSOFT
245 _aDr AIJAZ A SHEIKH
260 _aPEE VEE BOOKS
_c24\6\2019
300 _a100
942 _2ddc
_c01